Carregant...
Establishing support systems for industrial co-operatives: case studies from the third world
| Autor principal: | |
|---|---|
| Format: | Printed Book |
| Publicat: |
England, Avebury
1988
|
| Matèries: |
| LEADER | 005900000a22001810004500 | ||
|---|---|---|---|
| 020 | |a 0 566 05475 2 | ||
| 082 | |a 334.609 172 4 M8 | ||
| 100 | |a Abell, Peter | ||
| 245 | |a Establishing support systems for industrial co-operatives: case studies from the third world | ||
| 260 | |a England, Avebury | ||
| 260 | |c 1988 | ||
| 465 | |a D 37 | ||
| 650 | |a Co-operation | ||
| 650 | |a Developing countries | ||
| 650 | |a Industry | ||
| 942 | |c BK | ||
| 999 | |c 442 |d 442 | ||
| 952 | |0 0 |1 0 |4 0 |6 334_609000000000000_172_4_M8 |7 0 |8 ENG |9 232 |a MGUL |b MGUL |d 2013-07-16 |e D 37 |l 0 |o 334.609 172 4 M8 |p 03025 |r 2013-07-16 |w 2013-07-16 |y BK | ||